000 00641nam a2200241 i 4500
001 C2-0295345
003 PPAK
005 20180728030933.0
008 090325s2008 nyu |||| ||||| | eng d
020 _a9780743491921 ; 0743491920
040 _aPPAK
_beng
_cPPAK
_erda
082 0 4 _a823
_223
090 0 0 _a823
_bGRE
_dG
100 1 _aGreanias, Thomas,
_eauthor
245 1 4 _aThe atlantis prophecy
264 1 _aNew York :
_bPocket Star Books ,
_c2008
300 _a367 pages ;
_c17 cm
336 _2rdacontent
_atext
337 _2rdamedia
_aunmediated
338 _2rdacarrier
_avolume
650 1 0 _aEnglish fiction
942 _ddc
_cB
999 _c99898
_d99898